00318nam a2200133Ia 4500008004100000020001500041082001100056100001700067245002700084260003600111300000900147650001400156700001400170221030s9999 xx 000 0 und d a8170084512 a105.23 aR. A. Parida 4aThe Power of Oracle 9i bFirewall MediaaNew Delhic2007 a1035 aComputers aV. Sharma